Canadian Cities A-Z - Statistics

General Stats
  • This quiz has been taken 42 times
  • The average score is 16 of 24
Answer Stats
Clue City % Correct
C Nicknamed "Cowtown" and home to a famous rodeo Calgary
100%
O Capital of Canada Ottawa
100%
Q Only city in Canada with walls surrounding its downtown Quebec City
97%
M The Biosphere was built here for the 1967 world's fair Montreal
94%
R Capital of Saskatchewan—Latin for "queen" Regina
94%
T Nicknamed "The 6ix" as it was formed from 6 municipalities Toronto
94%
V Home to Stanley Park, located on the downtown peninsula Vancouver
94%
E Home of the Oilers NHL team Edmonton
92%
W Manitoba's capital, known for having a high crime rate relative to Canada Winnipeg
92%
H City where two boats exploded in 1917, killing 1,782 people Halifax
86%
N Also a famous natural landmark shared with New York Niagara Falls
86%
F New Brunswick's capital Fredericton
78%
Y Capital of the Northwest Territories Yellowknife
78%
I Nunavut's capital, located on the south of Baffin Island Iqaluit
75%
K Its neighboring cities include Waterloo and Cambridge Kitchener
44%
P Saskatchewan city named for Queen Victoria's husband Prince Albert
44%
L Fourth largest city in Alberta Lethbridge
42%
S First incorporated city in Canada Saint John
42%
A British Columbia city on the U.S. border Abbotsford
33%
B Largest city on Lake Simcoe Barrie
33%
U Northeast of city T (hint: also a suburb of London, UK) Uxbridge
31%
D Located at the mouth of the Fraser River Delta
22%
G An airport in this Newfoundland town was used as a refueling stop for transatlantic flights in the 1950s Gander
19%
J Located 59 km north of city M Joliette
8%
No matching quizzes found
Score Distribution
Percent of People with Each Score
Percentile by Number Answered
Your Score History
You have not taken this quiz